[Event "22nd ECCC Women 2017"]
[Site "Antalya"]
[Date "2017.10.12"]
[Round "5"]
[White "Ozbek, Busra"]
[Black "Arda, Cagil Irmak"]
[Result "1/2-1/2"]
[WhiteElo "1850"]
[BlackElo "2040"]
[Annotator "NA"]
[PlyCount "121"]
[EventType "team-tourn"]
[EventCountry "TUR"]
[SourceTitle "playchess.com"]
[Source "ChessBase"]
[SourceQuality "1"]
[WhiteTeam "Mediterranean"]
[BlackTeam "Anatolia"]
[TimeControl "40/5400+30:1800+30"]

1. d4 c6 2. Nf3 Nf6 {[%emt 0:01:30]} 3. Bf4 {[%emt 0:06:30]} d5 {[%emt 0:03:30]} 4. e3 {[%emt 0:02:30]} Bg4 {[%emt 0:03:30]} 5. c3 {[%emt 0:12:30]} e6 {[%emt 0:00:00]} 6. Qb3 {[%emt 0:04:30]} Qb6 {[%emt 0:05:00]} 7. Nbd2 {[%emt 0:04:30]} Nbd7 {[%emt 0:04:30]} 8. Be2 {[%emt 0:07:30]} Be7 {[%emt 0:04:30]} 9. h3 {[%emt 0:06:30]} Bh5 {[%emt 0:04:30]} 10. O-O {[%emt 0:04:30]} h6 {[%emt 0:05:30]} 11. Rfe1 {[%emt 0:03:30]} Bg6 {[%emt 0:12:30]} 12. Ne5 {[%emt 0:09:30]} Nxe5 {[%emt 0:02:30]} 13. Bxe5 {[%emt 0:00:30]} O-O {[%emt 0:00:30]} 14. a4 {[%emt 0:05:30]} Nd7 {[%emt 0:03:30]} 15. Bg3 {[%emt 0:02:30]} Rfc8 {[%emt 0:10:30]} 16. a5 {[%emt 0:11:41]} Qxb3 {[%emt 0:04:30]} 17. Nxb3 $11 {[%emt 0:00:05]} Bc2 {[%emt 0:02:30]} 18. Nd2 {[%emt 0:00:24]} c5 {[%emt 0:00:30]} 19. a6 {[%emt 0:03:22]} b6 {[%emt 0:02:30]} 20. Bb5 {[%emt 0:00:25]} Nf6 {[%emt 0:01:30]} 21. Rac1 {[%emt 0:03:40]} Bg6 {[%emt 0:02:30]} 22. Bh2 {[%emt 0:01:34]} Bd8 {[%emt 0:03:30]} 23. Kh1 {[%emt 0:02:25]} Kf8 {[%emt 0:05:10]} 24. Nf3 {[%emt 0:02:15]} Ne4 {[%emt 0:08:35]} 25. Bd7 {[%emt 0:01:44]} Nxf2+ {[%emt 0:00:36]} 26. Kg1 {[%emt 0:00:03]} Nd3 {[%emt 0:00:00]} 27. Bxc8 {[%emt 0:02:42]} Rxc8 {[%emt 0:00:00]} 28. Ne5 {[%emt 0:01:03]} Nxc1 {[%emt 0:00:18]} 29. Nxg6+ {[%emt 0:01:22]} fxg6 {[%emt 0:00:03]} 30. Rxc1 {[%emt 0:00:00]} cxd4 {[%emt 0:04:27]} 31. exd4 {[%emt 0:00:44]} Bf6 {[%emt 0:00:32]} 32. Bd6+ {[%emt 0:01:28]} Ke8 {[%emt 0:00:04]} 33. Re1 {[%emt 0:00:23]} Kd7 {[%emt 0:00:08]} 34. Bg3 {[%emt 0:00:00]} Re8 {[%emt 0:01:35]} 35. Kf2 {[%emt 0:01:06]} Kc6 {[%emt 0:00:10]} 36. Ke2 {[%emt 0:00:00]} Kb5 {[%emt 0:00:33]} 37. Ra1 {[%emt 0:00:20]} e5 {[%emt 0:05:36]} 38. Kd3 {[%emt 0:01:18]} e4+ {[%emt 0:00:05]} 39. Ke2 {[%emt 0:00:00]} Rc8 {[%emt 0:00:31]} 40. Bf4 {[%emt 0:00:00]} Rf8 {[%emt 0:01:37]} 41. Bd6 {[%emt 0:03:56]} Rc8 {[%emt 0:05:30]} 42. Bf4 {[%emt 0:05:30]} Bh4 {[%emt 0:02:30]} 43. Be5 {[%emt 0:04:51]} Rf8 {[%emt 0:03:30]} 44. g3 {[%emt 0:03:22]} Bf6 {[%emt 0:00:30]} 45. Ke3 {[%emt 0:05:56]} Bxe5 {[%emt 0:09:36]} 46. dxe5 {[%emt 0:00:30]} Rf3+ {[%emt 0:00:00]} 47. Ke2 {[%emt 0:00:00]} Kc6 {[%emt 0:00:33]} 48. Rd1 {[%emt 0:00:40]} Rf5 {[%emt 0:01:29]} 49. e6 {[%emt 0:03:40]} Kd6 {[%emt 0:00:35]} 50. g4 {[%emt 0:00:31]} Rg5 {[%emt 0:02:54]} 51. Rf1 {[%emt 0:01:36]} Kxe6 {[%emt 0:03:11]} 52. Rf8 {[%emt 0:00:31]} d4 {[%emt 0:02:00]} 53. cxd4 {[%emt 0:02:19]} Ra5 {[%emt 0:00:08]} 54. Ke3 {[%emt 0:00:34]} Rxa6 {[%emt 0:01:12]} 55. Kxe4 {[%emt 0:00:04]} Ra5 {[%emt 0:01:12]} 56. Re8+ {[%emt 0:01:20]} Kf7 {[%emt 0:00:24]} 57. Rb8 {[%emt 0:00:21]} Ke6 {[%emt 0:00:24]} 58. Re8+ {[%emt 0:00:55]} Kf7 {[%emt 0:00:04]} 59. Rb8 {[%emt 0:00:13]} Ke6 {[%emt 0:00:06]} 60. Re8+ {[%emt 0:00:00]} Kf7 {[%emt 0:00:37]} 61. Rb8 {[%emt 0:00:05]} 1/2-1/2

[Event "22nd ECCC Women 2017"]
[Site "Antalya"]
[Date "2017.10.13"]
[Round "6"]
[White "Harika, Dronavalli"]
[Black "Kovalevskaya, Ekaterina"]
[Result "1/2-1/2"]
[WhiteElo "2528"]
[BlackElo "2411"]
[Annotator "TA"]
[PlyCount "81"]
[EventType "team-tourn"]
[EventCountry "TUR"]
[SourceTitle "playchess.com"]
[Source "ChessBase"]
[SourceQuality "1"]
[WhiteTeam "Batumi"]
[BlackTeam "Legacy Square Capital"]

{[%evp 22,81,26,36,31,23,25,25,66,26,26,8,27,0,0,0,0,0,0,0,0,0,0,0,0,0,18,0,0,0,39,44,44,44,39,40,81,76,45,37,64,63,120,54,39,35,62,5,8,0,13,8,0,7,6,0,0,-18,0,-8,0,0]} 1. e4 c5 2. Nf3 {[%cal Bg1f3,Bf3d4,Bd4b5,Bb5a3,Ba3c4,Bc4e3,Be3d5][%mdl 32]} Nc6 3. d4 cxd4 4. Nxd4 e5 5. Nb5 d6 6. N1c3 a6 7. Na3 Be7 8. Nc4 b5 {B32: Sicilian: Löwenthal and Kalashnikov Variations} 9. Ne3 Nf6 10. Bd3 (10. g3 O-O 11. Bg2 b4 12. Ncd5 Nxd5 13. Nxd5 Bg5 14. Bxg5 Qxg5 15. O-O Be6 16. Nc7 {½-½ (34) Morozevich,A (2711)-Moiseenko,A (2692) Berlin 2015}) 10... O-O 11. O-O Nb4 12. Be2 {LiveBook: 14 Games} Be6 13. a3 Nc6 14. Ned5 {[#]} Nd7 $146 ({Predecessor:} 14... Nd4 15. Nxe7+ Qxe7 16. Bd3 {0-1 (54) Korneev,O (2597)-Cornette,M (2545) Metz 2012}) 15. Be3 Bg5 16. Qd2 Bxe3 17. fxe3 Rc8 18. Kh1 Ne7 19. a4 Bxd5 20. exd5 b4 21. Ne4 Nc5 22. Nxc5 Rxc5 23. Bxa6 Qb6 24. Bb5 Nxd5 25. e4 Nc7 26. Qxb4 Qb7 {[%cal Rc7b5]} 27. Rae1 Rxc2 28. Qb3 Rd2 29. Qc3 Rd4 30. Bc6 Qa6 31. Rc1 d5 {[#]} (31... Ne6 $14) 32. exd5 (32. b4 $1 $16) 32... Nxd5 $14 33. Qc5 Qd3 34. Bxd5 (34. a5 $14) 34... Rxd5 $11 {The position is equal.} 35. Qc4 Qd2 36. Rc2 Qa5 37. b3 g6 38. Qc3 Qa6 {[%cal Ra6f1] [#]} 39. Qc4 Qd6 40. Rcc1 Kg7 41. Qc7 {Precision: White = 65%, Black = 56%.} 1/2-1/2

[Event "22nd ECCC Women 2017"]
[Site "Antalya"]
[Date "2017.10.13"]
[Round "6"]
[White "Girya, Olga"]
[Black "Balajayeva, Khanim"]
[Result "1-0"]
[WhiteElo "2505"]
[BlackElo "2319"]
[Annotator "TA"]
[PlyCount "59"]
[EventType "team-tourn"]
[EventCountry "TUR"]
[SourceTitle "playchess.com"]
[Source "ChessBase"]
[SourceQuality "1"]
[WhiteTeam "UGRA"]
[BlackTeam "Odlar Yurdu"]

{[%evp 19,59,55,55,26,52,-60,72,0,11,14,15,25,94,89,96,93,91,0,20,26,110,120,138,143,323,332,404,376,521,521,1375,1350,1781,1766,29975,29977,29977,29978,29977,29978,29993,29994]} 1. d4 d5 2. c4 dxc4 3. e4 e5 4. Nf3 exd4 5. Bxc4 Nc6 6. O-O Be6 7. Bb5 Bc5 8. b4 {D20: Angenommenes Damengambit} Bb6 9. a4 a6 10. Bxc6+ bxc6 {LiveBook: 84 Partien} 11. Nbd2 Ne7 $146 ({Vorgänger:} 11... Nf6 12. Qc2 O-O 13. Qxc6 Re8 14. Bb2 Bd7 15. Qc2 Qe7 16. Nxd4 Qxb4 {1-0 (41) Ponomariov,R (2705)-Sasikiran,K (2661) Khanty-Mansiysk 2007}) 12. Bb2 ({Günstiger ist} 12. Nb3 $14) 12... Ng6 (12... a5 $15 {behält die Oberhand.} 13. bxa5 Rxa5) 13. Rc1 (13. Nb3 $16) 13... O-O 14. Nc4 Bxc4 15. Rxc4 {[%cal Rf3d4]} d3 (15... a5 $11 {hält das Gleichgewicht.}) 16. a5 $16 {[%mdl 1024] Weiss hat starke Kompensation.} ({Viel schlechter ist} 16. Rxc6 $6 Qd7 $11) 16... Ba7 17. Qd2 ({Doch nicht} 17. Rxc6 Re8 $11) 17... Qd7 18. Rd1 $40 {[%mdl 128] Weiss hat einigen Angriff.} (18. Qc3 $16 {[%csl Gb2][%cal Rc3g7]} f6 19. Rxc6) 18... Rad8 19. h3 f5 {[#]} (19... f6 $11) 20. e5 $1 Rfe8 {[#]} 21. Qc3 $1 Re6 $2 (21... c5 $16) 22. Ng5 $18 Rxe5 23. Rxc6 {Schwarz muss nun Dc4+ beachten.} Bd4 24. Qc4+ Rd5 25. Bxd4 Nf4 26. Rxc7 Qxc7 27. Qxc7 {[%csl Gd4][%cal Rc7g7] Weiß setzt Matt.} Rxd4 28. Qf7+ Kh8 29. Qxf5 {[%csl Gg5][%cal Rf5h7]} Ne2+ 30. Kh2 {Precision: Weiß = 53%, Schwarz =  3%.} 1-0

[Event "22nd ECCC Women 2017"]
[Site "Antalya"]
[Date "2017.10.13"]
[Round "6"]
[White "Khotenashvili, Bela"]
[Black "Savina, Anastasia"]
[Result "1/2-1/2"]
[WhiteElo "2459"]
[BlackElo "2350"]
[Annotator "TA"]
[PlyCount "60"]
[EventType "team-tourn"]
[EventCountry "TUR"]
[SourceTitle "playchess.com"]
[Source "ChessBase"]
[SourceQuality "1"]
[WhiteTeam "Batumi"]
[BlackTeam "Legacy Square Capital"]

{[%evp 22,60,52,7,23,7,27,16,37,0,0,-25,-29,-17,13,10,52,0,0,0,0,0,20,0,0,0,0,0,0,0,56,58,55,0,55,55,55,55,72,73,531]} 1. d4 Nf6 2. c4 g6 3. Nc3 Bg7 4. e4 d6 5. Nf3 O-O 6. h3 e5 7. d5 a5 8. g4 Na6 9. Be3 Nd7 {E90: King's Indian: Classical: Early deviations and 6 h3} 10. a3 Nb6 11. Rg1 Bd7 12. Nd2 {LiveBook: 7 Games} Nc5 13. b4 $146 ({Predecessor:} 13. b3 Qe7 14. g5 f5 15. f3 fxe4 16. Ncxe4 Bf5 17. Nxc5 dxc5 {½-½ (34) Jakovenko,D (2718)-Pavlidis,A (2539) Minsk 2017}) 13... axb4 (13... Nca4 {seems wilder.} 14. Nxa4 Nxa4 15. Qc2 b6 16. Be2 Kh8) 14. axb4 Nca4 15. Qc1 (15. Nxa4 {with more complications.} Bxa4 16. Qb1 Qe7 17. c5 Nd7 18. cxd6 cxd6 19. Bd3) 15... Nxc3 16. Rxa8 (16. Qxc3 {keeps more tension.} Qe7 17. Rxa8 Rxa8 18. Be2 Na4 19. Qd3) 16... Qxa8 17. Qxc3 Na4 18. Qb3 c5 19. b5 (19. Bd3 $14) 19... Qa5 20. Bd3 Ra8 21. Ke2 {[%cal Be1e2,Be2f3,Bf3g3][%mdl 32]} Qc3 22. Rb1 Bf6 23. Kf3 Kg7 24. Kg3 h6 25. h4 {[%cal Bh3h4,Bh4h5][%mdl 32]} g5 (25... Be7 $11) 26. h5 $14 Bd8 27. Nf3 (27. Be2 $14) 27... f6 (27... Ba5 $11) 28. Bd2 Qxb3 29. Rxb3 Ba5 30. Ra3 Nb6 $2 {[%mdl 40960] Precision: White = 62%, Black = 52%. . An unexpected result.} (30... Bb4 $16 31. Bxb4 cxb4) 1/2-1/2

[Event "22nd ECCC Women 2017"]
[Site "Antalya"]
[Date "2017.10.13"]
[Round "6"]
[White "Kashlinskaya, Alina"]
[Black "Dzagnidze, Nana"]
[Result "0-1"]
[WhiteElo "2455"]
[BlackElo "2520"]
[Annotator "TA"]
[PlyCount "100"]
[EventType "team-tourn"]
[EventCountry "TUR"]
[SourceTitle "playchess.com"]
[Source "ChessBase"]
[SourceQuality "1"]
[WhiteTeam "Legacy Square Capital"]
[BlackTeam "Batumi"]

{[%evp 22,100,14,6,25,27,55,-10,-6,-9,-9,-9,-9,-9,-9,-9,-11,-4,-5,-28,-13,-83,-75,-71,-12,-31,-14,-106,-83,-79,-77,-139,-127,-129,-138,-125,-110,-110,-110,-120,-89,-109,-97,-112,-89,-85,-89,-100,-72,-72,-72,-75,-78,-72,-19,-19,-16,-17,-13,-118,-116,-151,-114,-254,-250,-260,-271,-229,-106,-112,-218,-212,-120,-1109,-1087,-4590,-1759,-1837,-1802,-1210,-1160]} 1. d4 Nf6 2. c4 e6 3. Nc3 Bb4 4. e3 O-O 5. Bd3 d5 6. Nf3 c5 7. O-O cxd4 8. exd4 dxc4 9. Bxc4 b6 10. Bg5 Bb7 11. Qe2 Bxc3 {E54: Nimzo-Indian: Rubinstein: Main Line: 7...dxc4 8 Bxc4} 12. bxc3 {LiveBook: 174 Games} Nc6 (12... Nbd7 13. Bd3 Qc7 14. c4 Ng4 15. Be4 Bxe4 16. Qxe4 Ngf6 17. Qd3 Rac8 18. Rfc1 Rfe8 19. Qb1 h6 20. Bxf6 Nxf6 21. a4 Red8 22. a5 bxa5 {½-½ (44) Korobov,A (2711)-Yu,Y (2749) Khanty-Mansiysk 2017}) 13. Rad1 $146 ({Predecessor:} 13. Ne5 Qc7 14. Bxf6 gxf6 15. Ng4 f5 16. Nf6+ Kg7 17. Nh5+ Kh8 18. Qe3 Rg8 19. f3 Ne7 20. Bb3 Rad8 21. Rac1 Ng6 22. Qg5 Qe7 23. Qxe7 Nxe7 24. Kf2 Rd6 25. Nf4 Ba6 {½-½ (25) Stojanovic,M (2504)-Pavlovic,M (2454) Obrenovac 2004}) 13... Rc8 {White has an edge.} 14. d5 (14. Bd3 $1 $14) 14... exd5 $11 15. Bxd5 Qe8 $1 {[%cal Re8e2]} 16. Qxe8 Rfxe8 17. Bxf6 gxf6 18. Rfe1 Rxe1+ 19. Rxe1 Kf8 20. Nh4 Na5 21. c4 (21. Bxb7 $11 Nxb7 22. Nf5) 21... Ba6 $17 22. Nf5 {Re7 is the strong threat.} Bxc4 (22... Nxc4 $17 23. f3 Rd8) 23. Bxc4 $11 Nxc4 $17 {[%mdl 4096] Endgame KRN-KRN} 24. f4 (24. g4 $11 {remains equal.}) 24... Rc5 25. g4 {[#]} Rd5 $1 26. Re2 (26. Re4 $142 Nd6 27. Rd4 Rxd4 28. Nxd4) 26... Nd6 27. Ng3 f5 28. g5 Rd4 29. Nh5 Ne4 30. Rc2 Nc5 31. Kg2 Ra4 32. h4 Ne6 33. Kg3 Ra3+ 34. Kf2 Rh3 35. Rc8+ Ke7 36. Ng3 Kd7 37. Ra8 Rh2+ (37... Nxf4 $17 {Hoping for ...Nd3+.} 38. Nxf5 Ra3) 38. Ke3 $11 Rxa2 {Strongly threatening ...Ra3+.} 39. Nxf5 Ra4 40. Nh6 (40. Rb8 $1 $11) 40... Nxf4 $17 41. Rf8 Nd5+ 42. Kd3 (42. Kd2 $17 {might work better.}) 42... Rf4 $19 ({Less strong is} 42... Rxh4 43. Rxf7+ Ke6 44. Rxa7 $17) 43. h5 {[#]} a5 $1 44. Kc2 Ke7 (44... Nb4+ $19 {has better winning chances.} 45. Kc3 Nd5+ 46. Kc2 Rf2+ 47. Kb3 Ke7) 45. Rh8 $17 a4 (45... Rf2+ $17 46. Kd3 Rg2 47. Rxh7 Rxg5 48. Nxf7 Rg2 49. Ng5+ Kf6) 46. Rxh7 $19 Rf2+ (46... a3 $19 47. Rxf7+ Rxf7 48. Nxf7 Nb4+ 49. Kb3 a2) 47. Kc1 $2 {[%mdl 8192]} (47. Kd3 $17) 47... a3 {[%cal Ba4a3,Ba3a2][%mdl 32] ( -> ...a2). Black is clearly winning.} 48. Nxf7 Rf1+ (48... a2 $142 49. Nh8+ Ke6) 49. Kd2 a2 50. Nh6+ Ke6 {Precision: White = 42%, Black = 63%.} 0-1

[Event "22nd ECCC Women 2017"]
[Site "Antalya"]
[Date "2017.10.13"]
[Round "6"]
[White "Paehtz, Elisabeth"]
[Black "Sahin, Handenur"]
[Result "1-0"]
[WhiteElo "2453"]
[BlackElo "1960"]
[Annotator "TA"]
[PlyCount "63"]
[EventType "team-tourn"]
[EventCountry "TUR"]
[SourceTitle "playchess.com"]
[Source "ChessBase"]
[SourceQuality "1"]
[WhiteTeam "Timisoara"]
[BlackTeam "Aegean"]

{[%evp 22,63,36,0,22,19,44,28,32,18,9,7,32,0,25,25,45,58,51,40,35,38,78,70,68,58,64,60,281,168,210,160,887,883,954,947,926,910,1439,1410,1397,1414,1407,1384]} 1. c4 c6 2. e4 d5 3. exd5 cxd5 4. cxd5 Qxd5 5. Nc3 Qd8 6. d4 Nf6 7. Nf3 e6 8. Bd3 Nc6 9. O-O Be7 10. Qe2 O-O 11. Rd1 Nb4 12. Bb1 {LiveBook: 10 Games} Nbd5 {B22: Sicilian: 2 c3} (12... b6 13. Ne5 Ba6 14. Qf3 Rc8 15. Bg5 Nfd5 16. Bd2 Bg5 17. Be1 Qf6 18. a3 Nxc3 19. bxc3 Nd5 20. Qe4 {½-½ (31) Vajda,L (2594)-Horvath,C (2515) Budapest 2013}) 13. Ne5 Bd7 $146 {[%cal Bc8d7,Bd7c6,Bc6e4,Be4f5][%mdl 32]} ({Predecessor:} 13... g6 14. Bh6 Re8 15. Qf3 Bf8 16. Bg5 Be7 17. Bd3 Kg7 18. Bh6+ Kg8 19. Bb5 Bd7 20. Bxd7 {1-0 (20) Kostin,A (2297)-Atanazevich,Y (2045) Voronezh 2014}) 14. Qd3 Bc6 {White has an edge.} 15. Bg5 g6 16. Qh3 Rc8 17. Bc2 Nxc3 18. bxc3 (18. Qxc3 $2 {[#]} Bxg2 $1 {[%mdl 512]} 19. Qd2 Be4 $17) 18... Be4 19. Bb3 Nd5 20. Bd2 $36 {[%mdl 2048] White fights for an advantage.} Bg5 21. c4 {[#] Black must now prevent Bxg5.} Bxd2 22. cxd5 Rc3 23. g3 Bf5 24. Qg2 Qg5 $2 ({Better is} 24... Bh6 $14) 25. h4 (25. dxe6 $142 fxe6 26. Qxb7) 25... Qh6 $18 26. g4 Rfc8 $2 (26... Bc2 $16) 27. gxf5 {White is clearly winning.} exf5 28. d6 Bf4 29. d7 Rf8 30. Nxf7 Qxh4 31. d8=Q Rxd8 32. Nxd8+ {Precision: White = 61%, Black = 30%.} 1-0

[Event "22nd ECCC Women 2017"]
[Site "Antalya"]
[Date "2017.10.14"]
[Round "6"]
[White "Ushenina, Anna"]
[Black "Mamedjarova, Zeinab"]
[Result "1/2-1/2"]
[WhiteElo "2445"]
[BlackElo "2298"]
[Annotator "TA"]
[PlyCount "36"]
[EventType "team-tourn"]
[EventCountry "TUR"]
[SourceTitle "playchess.com"]
[Source "ChessBase"]
[SourceQuality "1"]
[WhiteTeam "UGRA"]
[BlackTeam "Odlar Yurdu"]

{[%evp 21,36,77,83,80,183,185,194,93,102,89,86,0,63,0,67,0,39]} 1. d4 f5 2. c4 Nf6 3. Nf3 g6 4. g3 Bg7 5. Bg2 O-O 6. O-O d6 7. Nc3 Qe8 8. Re1 Qf7 9. e4 {A87: Dutch Defence: Leningrad System: 5 Nf3} Nxe4 (9... fxe4 10. Ng5 Qxc4 11. Ngxe4 Nxe4 12. Rxe4 Qf7 13. Rf4 Bf6 14. Nd5 g5 15. Rf3 Nc6 16. h3 h6 17. Nxf6+ exf6 {0-1 (71) Bacrot,E (2686)-Ivanchuk,V (2720) Ashdod 2015}) 10. Nxe4 fxe4 11. Rxe4 Nc6 {LiveBook: 11 Games} 12. Be3 Qxc4 {[#]} (12... h6 $16) 13. Ng5 $146 {Hoping for d5.} ({Predecessor:} 13. b3 Qf7 14. Rc1 d5 15. Ng5 Qf5 16. Bh3 Qxe4 17. Bxc8 Qxe3 {1-0 (30) Menezes,C (2200)-Van Oosterom,C (2408) Vienna 2011}) 13... Qb5 {[#]} 14. a4 (14. Bf1 $1 $18 {[%cal Rf1b5] is more deadly.} Qxb2 15. Bc4+ e6 16. Rb1) 14... Qxb2 $16 15. Rb1 Qa2 16. Ra1 {[%mdl 1024] White has strong compensation.} Qb2 17. Rb1 Qa2 $1 18. Ra1 Qb2 1/2-1/2

[Event "22nd ECCC Women 2017"]
[Site "Antalya"]
[Date "2017.10.14"]
[Round "6"]
[White "Zhukova, Natalia"]
[Black "Atalik, Ekaterina"]
[Result "1-0"]
[WhiteElo "2426"]
[BlackElo "2468"]
[Annotator "TA"]
[PlyCount "81"]
[EventType "team-tourn"]
[EventCountry "TUR"]
[SourceTitle "playchess.com"]
[Source "ChessBase"]
[SourceQuality "1"]
[WhiteTeam "Bossa Nova"]
[BlackTeam "Anatolia"]

{[%evp 25,81,20,26,31,21,31,28,31,33,33,36,9,28,38,37,45,83,68,91,89,93,79,80,79,99,74,97,84,98,107,97,34,208,212,195,198,269,262,252,262,322,301,335,345,342,353,353,348,320,328,350,315,638,625,526,468,716,706]} 1. Nf3 d5 2. d4 Nf6 3. c4 e6 4. Nc3 Nbd7 5. Bg5 h6 6. Bh4 Be7 7. e3 c6 8. Rc1 O-O 9. Bd3 a6 10. a4 dxc4 11. Bxc4 b5 12. Bd3 Bb7 13. O-O b4 {LiveBook: 7 Games. D66: Queen's Gambit Declined: Classical: Main Line (7 Rc1 c6 8 Bd3)} 14. Ne4 Nxe4 15. Bxe7 Nxf2 $1 {White is slightly better.} 16. Bh7+ Kh8 17. Bxd8 Nxd1 18. Rfxd1 Rfxd8 19. Be4 Rac8 20. Nd2 {[%mdl 1024] [#] White has compensation.} Nf6 $146 ({Predecessor:} 20... g6 21. Bf3 {1-0 (62) Tseng,W (2361)-Voiculescu,C (2538) ICCF email 2011}) 21. Bf3 Nd5 22. Kf2 g5 23. g3 Kg7 24. Nb3 h5 25. h4 g4 26. Bg2 Rb8 27. Rc5 Nb6 28. a5 (28. Rxh5 $16 Nxa4 29. Rg5+ Kf8 30. Na5) 28... Nd5 $2 {[#]} (28... Na4 $1 $14) 29. e4 $18 {[%cal Be3e4,Be4e5][%mdl 32]} Nf6 30. Ke3 Kf8 (30... Rh8 {is a better defense.} 31. Rg5+ Kf8) 31. Rg5 Ke7 32. Nc5 Rh8 33. Rf1 Bc8 34. e5 Nd5+ 35. Bxd5 cxd5 36. Rg7 Rf8 37. Nd3 Ke8 38. Nf4 Bd7 $2 {[#]} (38... Rh8 39. Rg5 Rb5 40. Rxh5 (40. Nxh5 Rxa5 41. Nf6+ Ke7 $18) 40... Rf8) 39. Nxh5 {White is clearly winning.} Bb5 40. Rf2 Rc8 (40... Ke7 $142 41. Nf6 (41. Rxg4 Rbc8 $16) 41... Rh8 42. Nxg4 (42. Rxg4 Rbc8 $18) 42... Rbf8) 41. Nf6+ {Precision: White = 92%, Black = 36%.} 1-0

[Event "22nd ECCC Women 2017"]
[Site "Antalya"]
[Date "2017.10.14"]
[Round "6"]
[White "Voit, Daria"]
[Black "Batsiashvili, Nino"]
[Result "0-1"]
[WhiteElo "2387"]
[BlackElo "2472"]
[Annotator "TA"]
[PlyCount "72"]
[EventType "team-tourn"]
[EventCountry "TUR"]
[SourceTitle "playchess.com"]
[Source "ChessBase"]
[SourceQuality "1"]
[WhiteTeam "Legacy Square Capital"]
[BlackTeam "Batumi"]

{[%evp 25,72,16,21,0,17,0,0,0,0,-25,0,-34,-27,-68,-39,-150,32,-160,-151,-158,-151,-1143,-1164,-1100,-1094,-1074,-1093,-1037,-1026,-837,-393,-766,-377,-378,-337,-329,-141,-2119,-2063,-1914,-1858,-1295,-818,-819,-816,-816,-810,-810,-802]} 1. Nf3 d5 2. e3 Nf6 3. c4 e6 4. b3 c5 5. Bb2 Nc6 6. cxd5 exd5 7. Be2 Bd6 8. O-O O-O 9. d4 cxd4 10. Nxd4 Qe7 {A13: Reti-Eröffnung} (10... Ne5 11. Nd2 a6 12. Rc1 Bd7 13. Qc2 Rc8 14. Qb1 Qa5 15. Rxc8 Bxc8 16. Rd1 Re8 17. Qa1 Bd7 18. N4f3 {½-½ (60) Horvath,J (2536)-Efroimski,M (2331) Trieste 2017}) 11. Nxc6 $146 ({Vorgänger:} 11. Nc3 Rd8 12. Ncb5 Bb8 13. Rc1 Bd7 14. Ba3 Qe5 15. Nf3 Qh5 16. Bd6 Bg4 17. Bxb8 Raxb8 18. Nfd4 Bxe2 19. Qxe2 Qxe2 20. Nxe2 {½-½ (34) Minchev,V (2336)-Kirkov,T (2392) ICCF email 2010}) 11... bxc6 12. Nd2 Re8 13. Qc2 Bd7 {LiveBook: 3 Partien} 14. Rfd1 a5 (14... Ng4 $5 {[%cal Re7h4]} 15. Nf3 Nf6 $11) 15. a4 Rab8 16. Bc3 Bc7 17. Bd4 Ng4 {Weiss muss nun ...Dh4 beachten.} 18. g3 Nxh2 19. Kg2 {Und Th1 würde nun gewinnen.} Qe6 20. Rh1 (20. Kxh2 $15 Qh3+ 21. Kg1 Bxg3 22. Nf1) 20... Qh3+ $17 21. Kg1 {[#]} Bxg3 $1 $40 {[%mdl 640] Schwarz greift entschieden an.} 22. Nf1 (22. fxg3 Qxg3#) 22... Bf5 {[#]} 23. Qd1 $2 (23. Qxf5 $1 $17 {[%mdl 512]} Qxf5 24. Nxg3) 23... Be4 $19 {[%csl Ge4][%cal Rh3g2]} 24. f3 Re6 {( -> ...Tg6)} 25. Nxh2 Rh6 {[%cal Rg3h2]} 26. fxe4 Bxh2+ 27. Kf2 Qg3+ 28. Kf1 {beabsichtigt e5.} dxe4 (28... c5 $142 29. Bxg7 Kxg7) 29. Qc2 Re8 {...Tee6 ist eine echte Drohung.} 30. Bg4 c5 (30... Qxg4 $19 {bietet bessere Gewinnchancen.} 31. Qe2 Qf5+ 32. Qf2 Qh5) 31. Bxg7 $2 {[%mdl 8192]} (31. Qg2 $17 cxd4 32. Qxg3 Bxg3 33. Rxh6 gxh6 34. exd4) 31... Kxg7 {Schwarz steht klar auf Gewinn.} 32. Qf2 Rf6 {[%csl Gf6][%cal Rg3f2]} 33. Bf5 Qxf2+ 34. Kxf2 Rxf5+ 35. Ke2 Be5 36. Rag1+ Kh8 {Precision: Weiß = 36%, Schwarz = 58%.} 0-1